[Event "Leeuwarden op"]
[Site "Leeuwarden"]
[Date "1997.??.??"]
[Round "6"]
[White "Taha, Mohamad"]
[Black "Nijboer, Friso"]
[Result "0-1"]
[WhiteElo "2395"]
[BlackElo "2605"]

1.d4 Nf6 2.c4 g6 3.Nc3 Bg7 4.e4 d6 5.Nf3 O-O 6.Be2 e5 7.dxe5 dxe5 8.Qxd8 Rxd8
9.Bg5 Re8 10.O-O c6 11.Rfd1 h6 12.Be3 Bf8 13.h3 Nbd7 14.a3 a5 15.Bd3 Nc5
16.Bc2 Nfd7 17.b4 axb4 18.axb4 Rxa1 19.Rxa1 Na6 20.b5 Nb4 21.Bb1 Nc5 22.Ra8 f6
23.Ne1 Bd7 24.Rxe8 Bxe8 25.Bxc5 Bxc5 26.Nd3 Nxd3 27.Bxd3 Kf8 28.Kf1 Ke7 29.bxc6 bxc6
30.Ke2 Kd6 31.f3 Bd4 32.Na4 h5 33.Kd2 h4 34.Kc2 Bf2 35.Kd2 Bd7 36.Kc2 f5
37.Kd2 Bd4 38.Kc2 Be6 39.Kd2 Kd7 40.Nc3 Kd6 41.Na4 fxe4 42.fxe4 Ke7 43.Nc3 Kf6
44.Ne2 g5 45.Nc1 g4 46.hxg4 Kg5 47.Ne2 Kxg4 48.Kc2 Kg5 49.Kd2 Bf2 50.Nc3 Bg4
51.Be2 Bd4 52.Nb1 Bc5 53.Bf1 Kf4  0-1

[Event "Leeuwarden op"]
[Site "Leeuwarden"]
[Date "1997.??.??"]
[Round "7"]
[White "Grooten, Herman"]
[Black "Baljon, Christofoor"]
[Result "1-0"]
[WhiteElo "2390"]
[BlackElo "2310"]

1.d4 Nf6 2.c4 g6 3.Nc3 Bg7 4.e4 O-O 5.Nf3 d6 6.Be2 e5 7.Be3 Nc6 8.d5 Ne7
9.Nd2 c5 10.h4 Qd7 11.Rb1 a5 12.Na4 Qc7 13.g4 Ne8 14.f3 h6 15.h5 g5 16.Bd3 Bd7
17.Rc1 Nf6 18.Nb1 Rfb8 19.Na3 Nc8 20.Qb3 Bf8 21.Rg1 Qd8 22.Rg2 Ne8 23.Rb1 Nc7
24.Nb5 Nxb5 25.cxb5 Na7 26.Bc4 b6 27.Qd3 Qe8 28.Nc3 Rb7 29.b3 Rc8 30.Rc2 Be7
31.Kd2 Bd8 32.Qf1 Rbc7 33.a3 Kh7 34.Be2 Kg8 35.Rbb2 Ra8 36.b4 cxb4 37.axb4 axb4
38.Rxb4 Nc8 39.Qb1 Rca7 40.Ra2 Rxa2+ 41.Nxa2 Ra5 42.Qb3 Na7 43.Nc3 Bc7 44.Ra4 Rxa4
45.Qxa4 Qb8 46.Na2 Nc8 47.Nb4 Qa7 48.Qa6 Bd8 49.Bc4 Kf8 50.Kc3 f6 51.Kb3 Ke8
52.Be2 Bc7 53.Nc2 Ke7 54.Nb4 Ke8 55.Kc4 Ke7 56.Qxc8 Qa4 57.Qa6  1-0

[Event "Leeuwarden op"]
[Site "Leeuwarden"]
[Date "1997.??.??"]
[Round "8"]
[White "Ree, Hans"]
[Black "Van der Weide, Karel"]
[Result "1/2-1/2"]
[WhiteElo "2435"]
[BlackElo "2375"]

1.d4 Nf6 2.c4 g6 3.Nc3 Bg7 4.e4 d6 5.Nf3 O-O 6.Be2 Nbd7 7.O-O e5 8.Qc2 Nh5
9.Bg5 f6 10.Be3 Nf4 11.Rad1 Nxe2+ 12.Qxe2 Rf7 13.dxe5 dxe5 14.c5 Qe8 15.c6 bxc6
16.Na4 Nf8 17.Rd2 Ne6 18.Rc1 Bf8 19.Ne1 a5 20.Nd3 Ba6 21.Qd1 Bb5 22.Ndc5 Nxc5
23.Bxc5 Bh6 24.Be3 Bf8 25.Nc5 a4 26.a3 Kg7 27.b3 axb3 28.Qxb3 Bxc5 29.Bxc5 Rd7
30.Rxd7+ Qxd7 31.Rd1 Qe8 32.Rd2 Rd8 33.Rxd8 Qxd8 34.h3 Qd2 35.Be3 Qd3 36.Qb4 Kf7
37.Kh2 g5 38.a4 Qc4 39.Qa5 Bxa4 40.Qxc7+ Kg6 41.Qc8 Bb3 42.Qf5+ Kg7 43.Qd7+ Kg6  1/2-1/2

[Event "VfB op 4th"]
[Site "Leipzig"]
[Date "1997.??.??"]
[Round "4"]
[White "Starke, Ronald"]
[Black "Werner, Bernd Michael"]
[Result "1-0"]
[WhiteElo "2135"]
[BlackElo "2200"]

1.d4 Nf6 2.Nf3 g6 3.c4 Bg7 4.Nc3 d6 5.e4 O-O 6.Be2 e5 7.d5 a5 8.Bg5 Na6 9.Nd2 Qe8
10.a3 Nd7 11.g4 f6 12.Be3 Rf7 13.h4 Nf8 14.h5 Bd7 15.b3 c6 16.Nf1 Nc5 17.Ng3 cxd5
18.Nxd5 Bc6 19.f3 Nfe6 20.O-O Qf8 21.b4 axb4 22.axb4 Rxa1 23.Qxa1 Nb3 24.Qa2 Nbd4
25.Qd2 f5 26.h6 Bh8 27.gxf5 gxf5 28.Nxf5 Nxf5 29.exf5 Rxf5 30.Bd3 Bxd5 31.Qg2+ Kf7
32.Bxf5 Bxc4 33.Rc1 b5 34.Bxh7 Nf4 35.Bxf4 exf4 36.Qg6+ Ke7 37.Qg5+ Qf6 38.Re1+ Kf8
39.Qxf6+ Bxf6 40.Bg6 Be5 41.Kg2 Kg8 42.Kh2 Kh8 43.Kg2 Kg8 44.Rd1 Kf8 45.Be4 Ke7
46.h7 Kf8 47.Rh1 Bh8 48.Rh5 Kg7 49.Rg5+  1-0

[Event "Lichtenstein op"]
[Site "Lichtenstein"]
[Date "1997.??.??"]
[Round "9"]
[White "Eberhard, Klaus"]
[Black "Eiler, Gebhard"]
[Result "1/2-1/2"]
[WhiteElo "1660"]
[BlackElo "2060"]

1.d4 Nf6 2.c4 g6 3.Nc3 Bg7 4.e4 d6 5.Nf3 O-O 6.Be2 e5 7.O-O Na6 8.d5 Nc5
9.Nd2 a5 10.b3 Ne8 11.Rb1 f5 12.f3 f4 13.a3 b6 14.b4 axb4 15.axb4 Nd7 16.Qc2 Qh4
17.Na4 g5 18.c5 Rf6 19.Rf2 Rh6 20.Nf1 bxc5 21.bxc5 Ndf6 22.g4 fxg3 23.Nxg3 Bf8
24.Be3 Rg6 25.Bb5 Rb8 26.cxd6  1/2-1/2

[Event "Linares-B"]
[Site "Linares"]
[Date "1997.??.??"]
[Round "2"]
[White "Ortega Ruiz, Jose Migues"]
[Black "Reyes, Juan"]
[Result "0-1"]
[WhiteElo "2120"]
[BlackElo "2405"]

1.d4 Nf6 2.c4 d6 3.Nc3 Nbd7 4.Nf3 e5 5.e4 g6 6.Be2 Bg7 7.O-O O-O 8.Re1 c6
9.Bf1 Qe7 10.Bg5 h6 11.Be3 Ng4 12.dxe5 dxe5 13.Bc1 Nc5 14.h3 Nf6 15.Qc2 Nh5
16.Be3 Ne6 17.Rad1 f5 18.exf5 gxf5 19.Bd3 Qf6 20.Nh2 Nhf4 21.Bf1 e4 22.Rd6 Ng6
23.c5 Kh8 24.Bc4 Ne5 25.Bd4 Nxd4 26.Rxd4 Nd3 27.Rxd3 exd3 28.Bxd3 Be6 29.Nf3 Rae8
30.Qa4 a6 31.Bc2 Bf7 32.Rf1 Bg6 33.Qf4 Bh7 34.Nd2 Qd4 35.Qxd4 Bxd4 36.Nb3 Bxc3
37.bxc3 f4 38.Bxh7 Kxh7 39.Nd4 Re5 40.Rc1 Rfe8  0-1

[Event "Anibal op 4th"]
[Site "Linares"]
[Date "1997.??.??"]
[Round "2"]
[White "Giorgadze, Giorgi"]
[Black "Shaked, Tal"]
[Result "1-0"]
[WhiteElo "2595"]
[BlackElo "2445"]

1.d4 Nf6 2.c4 g6 3.Nc3 Bg7 4.Nf3 d6 5.e4 O-O 6.Be2 e5 7.Be3 Ng4 8.Bg5 f6
9.Bh4 Nc6 10.d5 Ne7 11.Nd2 Nh6 12.f3 c6 13.dxc6 bxc6 14.b4 Be6 15.Nb3 d5
16.Nc5 Bf7 17.O-O d4 18.N3a4 Nc8 19.Nb3 Nd6 20.Na5 Qe8 21.Nc5 Kh8 22.a4 Ng8
23.Na6 Rd8 24.c5 Nc8 25.b5 cxb5 26.Bxb5 Qe6 27.Nb7 Bh6 28.Nxd8 Rxd8 29.Qd3 Nce7
30.Rab1 f5 31.Rfe1 g5 32.Bf2 fxe4 33.fxe4 Ng6 34.Bg3 g4 35.c6 N8e7 36.Nc5 Qf6
37.Rf1 Nf4 38.Bxf4 exf4 39.Nd7 Qg7 40.Rb4 f3 41.Rxd4 fxg2 42.Rf2 Rc8 43.Nf6 Ng8
44.Nxg8 Bxg8 45.Rd7 Qa1+ 46.Kxg2  1-0

[Event "Anibal op 4th"]
[Site "Linares"]
[Date "1997.??.??"]
[Round "4"]
[White "Mikhalevski, Victor"]
[Black "Comas Fabrego, Luis"]
[Result "1/2-1/2"]
[WhiteElo "2535"]
[BlackElo "2465"]

1.d4 Nf6 2.Nf3 g6 3.c4 Bg7 4.Nc3 O-O 5.e4 d6 6.Be2 e5 7.O-O Na6 8.Be3 Ng4
9.Bg5 Qe8 10.dxe5 dxe5 11.Nd2 f6 12.Bh4 h5 13.a3 Be6 14.h3 Nh6 15.b4 Rd8
16.c5 Nb8 17.f3 Nc6 18.Nd5 Qf7 19.Bc4 Nd4 20.Rc1 Rxd5 21.exd5 Bxd5 22.Bxd5 Qxd5
23.Ne4 Nhf5 24.Bf2 h4 25.Qd3 Rd8 26.Rfd1 Kf7 27.Kf1 Bh6 28.Rc3 c6 29.Qc4 Qxc4+
30.Rxc4 Be3 31.Rc3 Bxf2 32.Kxf2 g5 33.Rcd3 Ke6 34.Nc3 a5 35.Rb1 axb4 36.Rxb4 Ra8
37.a4 Ra7 38.Rd2 Ne7 39.Rdb2 Nd5 40.Rxb7 Nxc3 41.Rxa7 Nd1+ 42.Kf1 Nxb2 43.a5 Na4
44.a6 Nb5 45.Rb7 Nac3 46.a7 Nxa7 47.Rxa7 Kd5 48.Rf7 Ke6 49.Rc7 Kd5 50.Rf7 Ke6
51.Rf8 Na4 52.Rc8 Kd7 53.Rf8 Ke7 54.Rc8  1/2-1/2

[Event "Anibal op 4th"]
[Site "Linares"]
[Date "1997.??.??"]
[Round "4"]
[White "San Segundo, Pablo"]
[Black "Mollov, Elin"]
[Result "1/2-1/2"]
[WhiteElo "2505"]
[BlackElo "2375"]

1.d4 Nf6 2.Nf3 g6 3.c4 Bg7 4.Nc3 O-O 5.e4 d6 6.Be2 e5 7.Be3 h6 8.O-O Ng4
9.Bc1 Nd7 10.d5 Ngf6 11.Be3 Nh7 12.Qc1 h5 13.b4 f5 14.Ng5 Ndf6 15.Nxh7 Kxh7
16.Bg5 f4 17.g3 Bh3 18.Re1 Qd7 19.c5 Ng4 20.f3 h4 21.gxh4 Ne3 22.c6 bxc6
23.dxc6 Qe6 24.Nd1 Nxd1 25.Bc4 Qe8 26.Rxd1 Bh6 27.Bxh6 Kxh6 28.Kh1 Rh8 29.Rg1 Kg7
30.Qe1 Rh5 31.Bf1 Be6 32.Rg5 Rxg5 33.hxg5 Qe7 34.h4 Rh8 35.Kg1 Qe8 36.Rc1 Qb8
37.Rc2 Qb6+ 38.Kg2 Qd4 39.Qf2 Qxf2+ 40.Kxf2 Rxh4 41.Bg2 Rh2 42.Kg1 Rh5 43.Rc3 Rxg5
44.Kf2 d5 45.exd5 Bxd5 46.Ra3 e4 47.fxe4 Bxc6 48.Rxa7 Be8 49.Rxc7+ Kf6 50.Bf3 Rg3
51.Rc5 g5 52.b5 g4 53.Rf5+ Ke7 54.Be2 Ra3 55.Bxg4 Rxa2+ 56.Be2 Bg6 57.Rc5 Kd7
58.Kf3 Bxe4+  1/2-1/2

[Event "Anibal op 4th"]
[Site "Linares"]
[Date "1997.??.??"]
[Round "5"]
[White "Touzane, Olivier"]
[Black "Becerra Rivero, Julio"]
[Result "1/2-1/2"]
[WhiteElo "2355"]
[BlackElo "2510"]

1.d4 Nf6 2.c4 g6 3.Nc3 Bg7 4.e4 O-O 5.Nf3 d6 6.Be2 e5 7.dxe5 dxe5 8.Qxd8 Rxd8
9.Nd5 Rd7 10.Nxe5 Nxd5 11.Nxd7 Nb4 12.Nxb8 Nc2+ 13.Kd1 Nxa1 14.Bf4  1/2-1/2

[Event "Anibal op 4th"]
[Site "Linares"]
[Date "1997.??.??"]
[Round "6"]
[White "Lalic, Bogdan"]
[Black "Zapata, Alonso"]
[Result "1/2-1/2"]
[WhiteElo "2585"]
[BlackElo "2515"]

1.d4 Nf6 2.c4 g6 3.Nc3 Bg7 4.e4 d6 5.Nf3 O-O 6.Be2 e5 7.O-O Nbd7 8.Be3 Ng4
9.Bg5 f6 10.Bd2 c6 11.d5 f5 12.Ng5 Ndf6 13.b4 fxe4 14.h3  1/2-1/2

[Event "Anibal op 4th"]
[Site "Linares"]
[Date "1997.??.??"]
[Round "6"]
[White "Giorgadze, Giorgi"]
[Black "Avrukh, Boris"]
[Result "1-0"]
[WhiteElo "2595"]
[BlackElo "2520"]

1.d4 Nf6 2.c4 g6 3.Nc3 Bg7 4.Nf3 d6 5.e4 O-O 6.Be2 e5 7.Be3 c6 8.Qd2 Qe7
9.Bg5 exd4 10.Nxd4 Re8 11.f3 Na6 12.Rd1 Nc5 13.b4 Ne6 14.Nxe6 Bxe6 15.O-O Rad8
16.a3 a6 17.a4 Qc7 18.Kh1 a5 19.b5 Bc8 20.Rfe1 Rd7 21.Bf1 h5 22.Qe3 Nh7 23.b6 Qb8
24.Bh6 Bh8 25.Ne2 Rde7 26.Qd2 Be6 27.Nd4 Bd7 28.Bf4 Be5 29.Bxe5 Rxe5 30.Nb3 c5
31.Qxa5 Bc6 32.Nc1 h4 33.Nd3 R5e7 34.Nf4 Qa8 35.Qc3 Qd8 36.a5 Re5 37.Qd2 Ba4
38.Ra1 Bc6 39.Red1 Qf6 40.a6 bxa6 41.Rxa6 Ng5 42.b7 Bxb7 43.Rxd6 Ne6 44.Nd5 Qg7
45.Qc3 g5 46.Rb1 Ba8 47.Nb6 Nd4 48.Nd7 R5e6 49.Rxe6 Nxe6 50.Nf6+ Kh8 51.Rb6 Rd8
52.Qe5 Rc8 53.Kg1 Bc6 54.f4 h3 55.g3 Be8 56.Qf5  1-0

[Event "Anibal op 4th"]
[Site "Linares"]
[Date "1997.??.??"]
[Round "8"]
[White "Giorgadze, Giorgi"]
[Black "Zapata, Alonso"]
[Result "1/2-1/2"]
[WhiteElo "2595"]
[BlackElo "2515"]

1.d4 Nf6 2.c4 g6 3.Nc3 Bg7 4.Nf3 O-O 5.e4 d6 6.Be2 e5 7.Be3 Na6 8.O-O c6
9.dxe5 dxe5 10.Qxd8 Rxd8 11.Rfd1 Re8 12.h3 Bf8 13.Nd2 Bb4 14.Rac1 Nc5 15.f3 Ne6
16.Nb3 Nf4 17.Bf1 N6h5 18.Bf2 Be7 19.c5 Ne6 20.Na4 Bg5 21.Ra1 Bf4 22.Na5 Nd4
23.Nc4 Be6 24.b3 Ng3 25.Nab2 Re7 26.Bxd4 Bxc4 27.Nxc4 exd4 28.Kf2 Rd8 29.Bd3 Nh5
30.g4 Ng7 31.b4 Ne6 32.h4  1/2-1/2

[Event "Linares-B"]
[Site "Linares"]
[Date "1997.??.??"]
[Round "9"]
[White "Ortega Ruiz, Jose Migues"]
[Black "Glavina, Pablo"]
[Result "0-1"]
[WhiteElo "2120"]
[BlackElo "2380"]

1.d4 Nf6 2.c4 g6 3.Nc3 Bg7 4.e4 d6 5.Nf3 O-O 6.Be2 Na6 7.O-O e5 8.d5 Nc5
9.Qc2 a5 10.Be3 b6 11.Nd2 Bg4 12.f3 Bd7 13.b3 Nh5 14.a3 Nf4 15.b4 axb4 16.axb4 Na6
17.Rab1 Qg5 18.Bxf4 exf4 19.Qd3 Nb8 20.Nb5 Rc8 21.Rfc1 Ra2 22.Rc2 Rxc2 23.Qxc2 Qe5
24.c5 Bxb5 25.Bxb5 dxc5 26.bxc5 bxc5 27.Qxc5 c6 28.Kh1 Qc3 29.Rc1 Qxd2 30.dxc6 Bd4
31.Qc4 Be5 32.h3 Nd7 33.Qf1 Nf6 34.Rd1 Qe3 35.Qc4 Kg7 36.Kh2 Rc7 37.Rd8 Qc3
38.Qa4 Qc5 39.Ra8 Nh5 40.Qb3 Nf6 41.Qa4 Nh5 42.Qb3 Bd4 43.Qd1 Qxb5 44.Qxd4+ Kh6
45.Ra7 Rxc6 46.Rxf7 Qg5 47.Rxh7+ Kxh7 48.Qd7+ Kh6 49.Qxc6 Qg3+  0-1

[Event "Linz op"]
[Site "Linz"]
[Date "1997.??.??"]
[Round "2"]
[White "Stanec, Nikolaus"]
[Black "Winiwarter, Felix"]
[Result "1-0"]
[WhiteElo "2460"]
[BlackElo "2165"]

1.d4 Nf6 2.c4 g6 3.Nc3 Bg7 4.e4 d6 5.Nf3 O-O 6.Be2 e5 7.d5 Nbd7 8.Bg5 a5
9.Nd2 Nc5 10.O-O Bd7 11.b3 h6 12.Bh4 Qe8 13.a3 Nh7 14.f3 f5 15.b4 Na4 16.Qc2 Bf6
17.Bf2 Bg5 18.Nb5 Qe7 19.Nxc7 Nf6 20.Nxa8 Rxa8 21.Bd3 Rf8 22.c5 Nh5 23.Nc4 dxc5
24.bxc5 Nf4 25.d6 Qe6 26.Nxa5 Nxd3 27.Qxd3 fxe4 28.fxe4 Qg4 29.c6 bxc6 30.Qc4+ Kh8
31.Qxa4 Bf4 32.Bg3 Qe2 33.Bxf4 exf4 34.Qd4+ Kh7 35.Rae1 Qb5 36.Nc4 f3 37.Rxf3 Rxf3
38.gxf3 Bh3 39.e5  1-0

[Event "Linz op"]
[Site "Linz"]
[Date "1997.??.??"]
[Round "9"]
[White "Soffer, Ram"]
[Black "Stanec, Nikolaus"]
[Result "1-0"]
[WhiteElo "2525"]
[BlackElo "2460"]

1.d4 Nf6 2.Nf3 g6 3.c4 Bg7 4.Nc3 O-O 5.e4 d6 6.Be2 e5 7.O-O exd4 8.Nxd4 Nbd7
9.Qc2 Re8 10.Rd1 Nc5 11.f3 Nh5 12.b4 Ne6 13.Be3 Nef4 14.Bf1 Qg5 15.Qd2 c6
16.Nde2 Nxe2+ 17.Bxe2 Qe7 18.Rac1 Be5 19.Bd4 Nf4 20.Bf1 a5 21.b5 Ne6 22.Bf2 Nc5
23.Ne2 a4 24.Nd4 Qc7 25.g3 Bd7 26.Bg2 Rad8 27.Rb1 h5 28.Be3 Bg7 29.Bg5 Rc8
30.b6 Qb8 31.Nc2 d5 32.Bf4 Qa8 33.Bd6 Na6 34.cxd5 cxd5 35.exd5 Bf5 36.Rdc1 Red8
37.Be7 Bc3 38.Qd1 Rd7 39.d6 Nb8 40.g4 Bxc2 41.Rxc2 Bd4+ 42.Kh1 Rxc2 43.Qxc2 Nc6
44.gxh5 Nxe7 45.dxe7 Rxe7 46.hxg6 Qa5 47.Qc8+ Kg7 48.gxf7 Re1+ 49.Bf1 Kxf7
50.Qd7+ Kf8 51.Qxd4  1-0

[Event "SLO-chT"]
[Site "Ljubljana"]
[Date "1997.??.??"]
[Round "?"]
[White "Brglez, Rado"]
[Black "Tratar, Marko"]
[Result "1-0"]
[WhiteElo "2275"]
[BlackElo "2395"]

1.d4 Nf6 2.c4 g6 3.Nc3 Bg7 4.e4 d6 5.Nf3 O-O 6.Be2 e5 7.O-O Na6 8.Re1 c6
9.Bf1 Bg4 10.d5 c5 11.Bg5 h6 12.Be3 Bd7 13.g3 Ng4 14.Bd2 f5 15.h3 Nf6 16.Nh4 Qe8
17.exf5 gxf5 18.f4 Nh5 19.Kh2 Bf6 20.Be2 Nxf4 21.Nxf5 Bxf5 22.gxf4 Nb4 23.Bg4 Bg7
24.Ne4 Bxe4 25.Bxb4 Qg6 26.Rg1 Qf6 27.Bd2 Kh7 28.Qe2 Bf5 29.Raf1 Bh8 30.Bc3 Bxg4
31.Qxg4 Qf5 32.Qxf5+ Rxf5 33.fxe5 Rxf1 34.Rxf1 dxe5 35.Rf7+ Kg6 36.Rxb7 Kf5
37.Rc7 Ke4 38.Rxc5 Kd3 39.d6 e4 40.Bxh8 Rxh8 41.b3 e3 42.Rd5+ Ke4 43.d7 Rd8
44.Kg2 Rg8+ 45.Kf1 Kf3 46.Rd3  1-0

[Event "Ljubljana"]
[Site "Ljubljana"]
[Date "1997.??.??"]
[Round "1"]
[White "Bukic, Enver"]
[Black "Vukic, Milan"]
[Result "1/2-1/2"]
[WhiteElo "2435"]
[BlackElo "2490"]

1.d4 Nf6 2.c4 g6 3.Nc3 Bg7 4.e4 d6 5.Nf3 O-O 6.Be2 e5 7.dxe5 dxe5 8.Qxd8 Rxd8
9.Bg5 Nbd7 10.O-O-O Rf8 11.Nd2 c6 12.Be3 Re8 13.f3 Bf8 14.Nb3 Nh5 15.g3 Ng7
16.a3 Ne6 17.Na4 b6  1/2-1/2

[Event "Ljubljana op"]
[Site "Ljubljana"]
[Date "1997.??.??"]
[Round "4"]
[White "Nikolov, Sasho"]
[Black "Bukic, Enver"]
[Result "1-0"]
[WhiteElo "2370"]
[BlackElo "2435"]

1.d4 Nf6 2.c4 g6 3.Nc3 Bg7 4.e4 d6 5.Nf3 O-O 6.Be2 e5 7.O-O c6 8.Qc2 Qe7
9.Rd1 Na6 10.Be3 exd4 11.Bxd4 Re8 12.Nd2 Nb4 13.Qb3 c5 14.Be3 Nc6 15.Re1 Nd4
16.Qd1 Bd7 17.Bf1 Bc6 18.f3 Nd7 19.Nb3 Nxb3 20.axb3 Nf8 21.Qd2 Ne6 22.Ne2 a6
23.Red1 Rad8 24.g3 Qf6 25.Bg2 Qxb2 26.Qxb2 Bxb2 27.Ra2 Bg7 28.Rad2 f5 29.exf5 gxf5
30.Kf2 b5 31.Bh3 bxc4 32.bxc4 Ba4 33.Rb1 Rb8 34.Rxb8 Rxb8 35.Bxf5 Nd4 36.Nxd4 cxd4
37.Bxd4 Bxd4+ 38.Rxd4 Bb3 39.Be6+ Kf8 40.Rxd6 a5 41.Ra6 a4 42.f4 Rb4 43.Ra7 h6
44.Kf3 h5 45.h3 Bxc4 46.Bxc4 Rxc4 47.g4 Rc3+ 48.Ke4 Rxh3 49.g5 a3 50.g6 Rg3
51.Kf5 h4 52.Kf6 Ke8 53.g7 h3 54.Rxa3  1-0

[Event "Ljubljana op"]
[Site "Ljubljana"]
[Date "1997.??.??"]
[Round "6"]
[White "Ciglic, Boris"]
[Black "Bukic, Enver"]
[Result "1/2-1/2"]
[WhiteElo "2175"]
[BlackElo "2435"]

1.Nf3 Nf6 2.d4 g6 3.c4 Bg7 4.Nc3 O-O 5.e4 d6 6.Be2 e5 7.d5 a5 8.Bg5 h6 9.Bxf6 Qxf6
10.h4 h5 11.Nd2 Na6 12.g4 hxg4 13.Bxg4 Bxg4 14.Qxg4 Nb4 15.Ke2 Nc2 16.Raf1 Nd4+
17.Kd3 Bh6 18.f3 Bxd2 19.Kxd2 Kg7 20.f4  1/2-1/2

[Event "Ljubljana op"]
[Site "Ljubljana"]
[Date "1997.??.??"]
[Round "9"]
[White "Jelen, Igor"]
[Black "Kaspret, Guido"]
[Result "1/2-1/2"]
[WhiteElo "2405"]
[BlackElo "2320"]

1.d4 Nf6 2.c4 g6 3.Nc3 Bg7 4.e4 d6 5.Nf3 O-O 6.Be2 e5 7.O-O Na6 8.Re1 Bg4
9.Be3 exd4 10.Nxd4 Bxe2 11.Rxe2 Ng4 12.Bc1 Qf6 13.Rd2 Qh4 14.Nf3 Qh5 15.h3 Ne5
16.Nxe5 Qxe5 17.Re2 Qe6 18.Qd5 Rfe8 19.Bd2 c6 20.Qxe6 Rxe6 21.Kf1 Rae8 22.f3 Bxc3
23.Bxc3 f5 24.Rd1 Nc5 25.Red2 fxe4 26.Rxd6 exf3 27.gxf3 Na4 28.Rxe6 Rxe6
29.Rd8+ Kf7 30.Bd4 c5 31.Bf2 Nxb2 32.Bxc5 b6 33.Bd4 Nxc4 34.Rh8 Rd6 35.Rxh7+ Ke6
36.Bf2 a5 37.Rh4 Ne5 38.Re4 Kf5 39.Bg3 Rd5 40.a4 Nd3 41.Bc7 b5 42.axb5 Rxb5
43.Ra4 g5 44.h4 Nc5 45.Rg4 gxh4 46.Rxh4 a4 47.Bd6 Ke6 48.Bxc5  1/2-1/2

[Event "Ljubljana op"]
[Site "Ljubljana"]
[Date "1997.??.??"]
[Round "9"]
[White "Dizdar, Selim"]
[Black "Ciglic, Boris"]
[Result "0-1"]
[WhiteElo "2395"]
[BlackElo "2175"]

1.c4 g6 2.Nf3 Bg7 3.e4 d6 4.d4 Nf6 5.Nc3 O-O 6.Be2 e5 7.O-O exd4 8.Nxd4 Nc6
9.Be3 Re8 10.f3 Nh5 11.Qd2 Nf4 12.Bxf4 Nxd4 13.Rfe1 Be6 14.Nd5 c6 15.Bg5 f6  0-1

[Event "TSV Willsbach"]
[Site "Loewenstein"]
[Date "1997.??.??"]
[Round "3"]
[White "Doettling, Fabian"]
[Black "Brodbeck, Stefan"]
[Result "1/2-1/2"]
[WhiteElo "2310"]
[BlackElo "2110"]

1.c4 Nf6 2.Nc3 g6 3.d4 Bg7 4.e4 d6 5.Be2 O-O 6.Nf3 e5 7.O-O exd4 8.Nxd4 Re8
9.f3 Nc6 10.Be3 Nh5 11.Nxc6 bxc6 12.Qd2 c5 13.Rad1 Bb7 14.Rfe1 Rb8 15.Bf1 Be5
16.Bg5 Bf6 17.Bxf6 Qxf6 18.a3 Nf4 19.b4 Ne6 20.Kh1 Kg7 21.Re3 Bc6 22.Nd5 Bxd5
23.cxd5 Nd4 24.Qc3 a5 25.bxc5 Rb3 26.Qc1 Rxe3 27.Qxe3 dxc5 28.Qc3 Qb6 29.Rc1 Rb8
30.Kg1 Qb3 31.Qxc5 Qe3+ 32.Kh1 Rb2 33.Qxc7 Nxf3 34.Qc3+ Qxc3 35.Rxc3 Nd2
36.Bd3 Nb1 37.Rc1 Nxa3 38.Rd1 Kf6 39.d6 Ke6 40.e5 Rb8 41.g3 f6 42.exf6 Kxf6
43.Bf1 Rd8 44.d7 Ke7 45.Bh3 Nc4 46.Ra1 Nb6  1/2-1/2

[Event "Loures2"]
[Site "Loures"]
[Date "1997.??.??"]
[Round "6"]
[White "Santos, Carlos P"]
[Black "Ribeiro, Fernando"]
[Result "0-1"]
[WhiteElo "2340"]
[BlackElo "2305"]

1.d4 g6 2.c4 Bg7 3.e4 d6 4.Nc3 Nf6 5.Nf3 O-O 6.Be2 e5 7.d5 a5 8.Bg5 h6 9.Bh4 Na6
10.Nd2 Qe8 11.O-O Bd7 12.b3 Nh7 13.a3 h5 14.f3 Bh6 15.Bf2 Qe7 16.Qc2 h4 17.Kh1 Bf4
18.Rab1 Qg5 19.Rfd1 Nf6 20.b4 axb4 21.axb4 Bg3 22.Bg1 Nh5 23.c5 Bxh2 24.Nf1 Bf4
25.Bf2 Ng3+ 26.Kg1 h3 27.Nxg3 Bxg3 28.Bxg3 Qxg3 29.Bxa6 Rxa6 30.Ra1 Rfa8
31.Rxa6 Rxa6 32.Qf2 h2+  0-1

[Event "Manresa op"]
[Site "Manresa"]
[Date "1997.??.??"]
[Round "5"]
[White "Baron Isanta, Jose Maria"]
[Black "Mowsziszian, Karen"]
[Result "0-1"]
[WhiteElo "2290"]
[BlackElo "2490"]

1.e4 g6 2.d4 Bg7 3.c4 d6 4.Nc3 Nf6 5.Nf3 O-O 6.Be2 e5 7.d5 a5 8.h3 Na6 9.Be3 Nc5
10.Nd2 c6 11.g4 Ne8 12.Nb3 cxd5 13.cxd5 b6 14.Rg1 Kh8 15.Qd2 f5 16.Bg5 Qc7
17.Nxc5 bxc5 18.Bb5 Rb8 19.Qe2 Bd7 20.a4 fxe4 21.Qxe4 Nf6 22.Qc4 Bc8 23.O-O-O Bb7
24.h4 Qf7 25.Be3 Bc8 26.f3 h5 27.Rg3 e4 28.Nxe4 Nxe4 29.Qxe4 hxg4 30.fxg4 Bd7
31.h5 Bxb5 32.hxg6 Bxb2+ 33.Kb1 Bd3+ 34.Qxd3 Bg7+ 35.Ka2 Rb2+ 36.Ka3 Qb7  0-1

[Event "Manresa op"]
[Site "Manresa"]
[Date "1997.??.??"]
[Round "8"]
[White "Ionescu, Constantin"]
[Black "Cherniaev, Alexander"]
[Result "1/2-1/2"]
[WhiteElo "2515"]
[BlackElo "2455"]

1.d4 Nf6 2.c4 d6 3.Nc3 Nbd7 4.Nf3 e5 5.e4 g6 6.Be2 Bg7 7.O-O O-O 8.Re1 c6
9.Bf1 a6 10.Rb1 exd4 11.Nxd4 Re8 12.Nb3 Qe7 13.Bf4 Ne5 14.Qd2 Be6 15.c5 Rad8
16.cxd6 Rxd6 17.Qc2 Nh5 18.Bxe5  1/2-1/2

[Event "Mar del Plata op"]
[Site "Mar del Plata"]
[Date "1997.??.??"]
[Round "2"]
[White "Slipak, Sergio"]
[Black "Bibiloni, Jorge Jaime"]
[Result "1-0"]
[WhiteElo "2505"]
[BlackElo "2185"]

1.d4 Nf6 2.Nf3 g6 3.c4 Bg7 4.Nc3 O-O 5.e4 d6 6.Be2 e5 7.d5 a5 8.Be3 Na6 9.Nd2 Nd7
10.g4 Ndc5 11.a3 Bd7 12.h4 f5 13.gxf5 gxf5 14.exf5 Bxf5 15.Nf1 Qd7 16.Ng3 Rf7
17.Nxf5 Qxf5 18.Bg4 Qd3 19.Qe2 Kh8 20.Rd1 Qg6 21.h5 Qf6 22.h6 Bf8 23.Bh5 Rd7
24.Qf3 Be7 25.Rg1 Qxf3 26.Bxf3 Rg8 27.Ke2 Rdd8 28.Nb5 Rxg1 29.Rxg1 Rg8 30.Rxg8+ Kxg8
31.Bg4 Na4 32.Bc1 c6 33.dxc6 bxc6 34.Na7 Nb8 35.Bf3 c5 36.Nc8 Bf8 37.Bd5+ Kh8
38.Bg5 Bxh6 39.Bxh6 Nxb2 40.Nxd6  1-0

[Event "SLO-ch U16"]
[Site "Maribor"]
[Date "1997.??.??"]
[Round "?"]
[White "Podkriznik, Gregor"]
[Black "Sostaric, Marko"]
[Result "1-0"]
[WhiteElo "2240"]
[BlackElo "2150"]

1.Nf3 Nf6 2.c4 g6 3.Nc3 Bg7 4.e4 d6 5.d4 O-O 6.Be2 Nbd7 7.O-O e5 8.Re1 c6
9.Bf1 Qc7 10.Rb1 a6 11.b4 b5 12.cxb5 cxb5 13.Qb3 exd4 14.Nxd4 Bb7 15.Bb2 Rfe8
16.Nd5 Nxd5 17.exd5 Rxe1 18.Rxe1 Nb6 19.Nc6 Nxd5 20.Bxg7 Kxg7 21.Na5 Nb6
22.Qb2+ Kg8 23.Rc1 Qe7 24.Qd4 Nc4 25.Nxb7 Qxb7 26.Bxc4 bxc4 27.Qxc4 Rb8 28.a3 Re8
29.h3 Re6 30.Qc8+ Qxc8 31.Rxc8+ Kg7 32.Rc6 d5 33.Rxe6 fxe6 34.f4 Kf6 35.Kf2 Ke7
36.Ke3 Kd7 37.Kd4 Kd6 38.g4 Kc6 39.a4 Kb6 40.f5 gxf5 41.gxf5  1-0

[Event "CRO-chT"]
[Site "Medulin"]
[Date "1997.??.??"]
[Round "?"]
[White "Radocaj, Denis"]
[Black "Zelenika, Srdjan"]
[Result "1/2-1/2"]
[WhiteElo "2370"]
[BlackElo "2270"]

1.d4 Nf6 2.c4 g6 3.Nc3 Bg7 4.e4 d6 5.Nf3 O-O 6.Be2 e5 7.Be3 c6 8.Qd2 Qe7
9.d5 cxd5 10.cxd5 Ng4 11.Bg5 f6 12.Bh4 Nh6 13.a3  1/2-1/2

[Event "CRO-chT2"]
[Site "Medulin"]
[Date "1997.??.??"]
[Round "?"]
[White "Kostanjsek, Zorko"]
[Black "Muslija, Idris"]
[Result "0-1"]
[WhiteElo "2230"]
[BlackElo "2160"]

1.Nf3 Nf6 2.c4 g6 3.Nc3 Bg7 4.e4 d6 5.d4 O-O 6.Be2 e5 7.d5 a5 8.Bg5 h6 9.Bh4 Na6
10.Nd2 Qe8 11.Bxf6 Bxf6 12.h4 h5 13.g4 hxg4 14.Bxg4 Kg7 15.Bxc8 Qxc8 16.h5 Nb4
17.Nf1 Bg5 18.a3 Na6 19.Rg1 Bf4 20.Ng3 Qh3 21.Qf3 Kg8 22.Nce2 Nc5 23.Rh1 Qd7
24.Rd1 Rae8 25.b4 axb4 26.axb4 Bxg3 27.Qxg3 Nxe4 28.Qh4 f5 29.hxg6 Qg7 30.f3 Nf6
31.Ng3 Qxg6 32.Ne2 Kf7 33.Kf2 f4 34.Rc1 Qd3 35.Rc3 Qd2 36.Qh2 Rh8 37.Qxh8 Rxh8
38.Rxh8 e4 39.Rc1 Qe3+ 40.Kf1 exf3 41.Re1 Ng4 42.Rh7+ Kg8  0-1

[Event "CRO-chT2"]
[Site "Medulin"]
[Date "1997.??.??"]
[Round "?"]
[White "Berebora, Ferenc"]
[Black "Brigljevic, Milan"]
[Result "1-0"]
[WhiteElo "2390"]
[BlackElo "2300"]

1.d4 Nf6 2.c4 g6 3.Nc3 Bg7 4.e4 d6 5.Nf3 O-O 6.Be2 e5 7.O-O Nbd7 8.Be3 h6
9.dxe5 dxe5 10.Qc1 Ng4 11.Bd2 Kh7 12.Rd1 c6 13.Ng5+ hxg5 14.Bxg4 Bf6 15.Na4 Qe7
16.a3 Rd8 17.Bb4 Qe8 18.Qe3 Be7 19.Bxe7 Qxe7 20.Qd3 Kg7 21.Qd6 Kf8 22.Rd2 Qxd6
23.Rxd6 Ke7 24.Rad1 Rf8 25.Rxd7+ Bxd7 26.Rxd7+ Kf6 27.Rxb7 Rfd8 28.Kf1 Rd4
29.Be2 Rxe4 30.Rc7 Rd8 31.Rxc6+ Kg7 32.Bf3 Red4 33.Bd5 R8xd5 34.cxd5 Rxa4
35.d6 Rd4 36.Ra6 g4 37.b4 Kf8 38.b5 f5 39.Ke2 f4 40.f3 e4 41.Rxa7 gxf3+ 42.gxf3 e3
43.b6 Rd2+ 44.Ke1 Rb2 45.Ra8+ Kf7 46.d7 Rb1+ 47.Ke2 Rb2+ 48.Kf1 Rb1+ 49.Kg2 Rb2+
50.Kh3 Rd2 51.b7  1-0

[Event "CRO-chT"]
[Site "Medulin"]
[Date "1997.??.??"]
[Round "?"]
[White "Gavrikov, Viktor"]
[Black "Rogic, Davor"]
[Result "1/2-1/2"]
[WhiteElo "2590"]
[BlackElo "2455"]

1.c4 Nf6 2.Nc3 g6 3.e4 d6 4.d4 Bg7 5.Nf3 O-O 6.Be2 e5 7.Be3 Ng4 8.Bg5 f6
9.Bh4 g5 10.Bg3 Nh6 11.dxe5 fxe5 12.h4 Nf7 13.Nxg5 Nxg5 14.hxg5 Qxg5 15.c5 Nc6
16.cxd6 cxd6 17.Qd5+ Kh8 18.Nb5 Bg4 19.Bxg4 Qxg4 20.Rh4 Qg6 21.Rd1 Bf6 22.Rh3 Be7
23.Qd3 Rac8 24.a3 a6 25.Nc3 Nd4 26.Ne2 Ne6 27.f3 Rc6 28.Rh2 Rfc8 29.Bf2 Rc2
30.Rd2 R2c6 31.Be3 Bg5 32.Bxg5 Qxg5 33.Kf2 Rf8 34.Qe3 Nf4 35.Nxf4 exf4 36.Qd4+ Rf6
37.Rh3 Rc7 38.Qd5 Qxd5 39.exd5 Rf5 40.Rh6 Rd7 41.Re6 Kg7 42.a4 Kf7 43.Re4 Rc7
44.Rb4 Kf6 45.Re4 Re7 46.Rb4 Rc7 47.b3 h5 48.Re4 Re7 49.Rb4 Rc7 50.Re4  1/2-1/2